Statistics for The Same Name - Geography

Click here to take the quiz!

General Stats

  • This quiz has been taken 15,475 times
    (2,894 since last reset)
  • The average score is 16 of 20

Answer Stats

Answer% Correct
Guinea
98%
Sahara
94%
Sierra
92%
Mongolia
91%
Green
88%
Notre Dame
88%
Red
88%
St. Petersburg
88%
California
86%
Hudson
86%
Columbia
85%
Yellow
82%
Prince
77%
Victoria
77%
Springs
76%
Pearl
73%
Cedar
72%
Turks
70%
Bad
49%
York
49%

Score Distribution

Percentile by Number Answered

Percent of People with Each Score

Your Score History

You have not taken this quiz since the last reset